[Event "Thessaloniki Triandria op 11th"]
[Site "Thessaloniki"]
[Date "2018.04.09"]
[Round "1"]
[White "Vourlis Koletis, Miltiadis"]
[Black "Nitin, Senthilvel"]
[Result "0-1"]
[WhiteElo "1793"]
[BlackElo "2408"]
[PlyCount "82"]
[EventDate "2018.04.09"]
[EventType "swiss"]
[EventRounds "9"]
[EventCountry "GRE"]
[SourceTitle "CBM 183 Extra"]
[Source "ChessBase"]
[SourceDate "2018.04.19"]
[SourceVersion "1"]
[SourceVersionDate "2018.04.19"]
[SourceQuality "1"]

1. d4 Nf6 2. c4 g6 3. Nc3 Bg7 4. e4 d6 5. Nge2 0-0 6. Ng3 c5 7. d5 e6 8. Be2 exd5 9. exd5 h5 10. Bg5 Qb6 11. Qb3 Qc7 12. 0-0 Nbd7 13. Nge4 a6 14. Bf3 Ne8 15. Be7 Ne5 16. Bxf8 Nxf3+ 17. gxf3 Kxf8 18. Rfe1 Qd8 19. f4 Qd7 20. Na4 h4 21. h3 Qxh3 22. Qxh3 Bxh3 23. Ng5 Bf5 24. Nc3 b5 25. cxb5 axb5 26. Kg2 b4 27. Nd1 Nc7 28. Ne4 Re8 29. Ndc3 bxc3 30. Nxc3 Rb8 31. Re2 Bxc3 32. bxc3 Nxd5 33. Rd2 Nxf4+ 34. Kf3 Nd3 35. a4 g5 36. a5 g4+ 37. Kg2 Be4+ 38. Kh2 Ne5 39. Rxd6 Nf3+ 40. Kh1 Rb2 41. Kg2 g3 0-1

[Event "GRE-ch Schools Lykeia 30th"]
[Site "Peristeri"]
[Date "2018.04.02"]
[Round "8"]
[White "Deligiannis, Christos Nikolaos"]
[Black "Vourlis Koletis, Miltiadis"]
[Result "0-1"]
[WhiteElo "1701"]
[BlackElo "1653"]
[PlyCount "152"]
[EventDate "2018.04.01"]
[EventType "swiss (rapid)"]
[EventRounds "9"]
[EventCountry "GRE"]
[SourceTitle "EXT 2019"]
[Source "ChessBase"]
[SourceDate "2018.10.10"]
[SourceVersion "1"]
[SourceVersionDate "2018.10.10"]
[SourceQuality "1"]

1. c4 c6 2. g3 d5 3. cxd5 cxd5 4. Bg2 Nf6 5. Nf3 Nc6 6. 0-0 e5 7. d4 e4 8. Ne5 Bd6 9. Bf4 Qe7 10. Nxc6 bxc6 11. Bxd6 Qxd6 12. Nc3 0-0 13. Qc2 Qb4 14. e3 Rb8 15. Rab1 Ba6 16. a3 Qb7 17. Rfd1 Bd3 18. Rxd3 exd3 19. Qxd3 a5 20. Na4 Qb3 21. Qxb3 Rxb3 22. Nc5 Rb6 23. b4 axb4 24. axb4 Rfb8 25. Bh3 Rxb4 26. Rxb4 Rxb4 27. Nd7 Nxd7 28. Bxd7 Rb1+ 29. Kg2 Rc1 30. h3 Kf8 31. h4 Ke7 32. Bf5 h6 33. Bd3 Rc3 34. Bb1 Rb3 35. Bc2 Rb2 36. Bd3 Kd6 37. Bf5 Kc7 38. Bd3 Kb6 39. Bf5 Ka5 40. Bd7 Rb6 41. Be8 f6 42. Bg6 Kb4 43. Bf5 Kc3 44. Bg6 Kd2 45. Kf1 Ra6 46. Be8 Ra1+ 47. Kg2 Rc1 48. Bd7 Ke1 49. Bf5 Rc3 50. Bg6 c5 51. dxc5 Rxc5 52. Bh7 Rb5 53. Bg8 Ra5 54. Bf7 Rb5 55. Bg8 Rb2 56. Bxd5 Rxf2+ 57. Kh3 Kd2 58. e4 Ke3 59. Kg4 Kd4 60. Ba8 g6 61. h5 g5 62. Bb7 Ke5 63. Bc6 Re2 64. Kf3 Rc2 65. Bb7 Rc3+ 66. Kf2 Kd4 67. Ba8 Re3 68. Bb7 Rxe4 69. Bc8 Re3 70. Bf5 Ra3 71. g4 Ke5 72. Bc8 Kf4 73. Bd7 Rg3 74. Bf5 Rxg4 75. Bxg4 Kxg4 76. Kg2 Kxh5 0-1

[Event "GRE-ch U20"]
[Site "Chania"]
[Date "2017.01.08"]
[Round "8"]
[White "Loukopoulos, Panagiotis Athanasi"]
[Black "Vourlis Koletis, Miltiadis"]
[Result "1-0"]
[WhiteElo "1805"]
[BlackElo "1698"]
[PlyCount "109"]
[EventDate "2017.01.02"]
[EventType "swiss"]
[EventRounds "9"]
[EventCountry "GRE"]
[SourceTitle "EXT 2024"]
[Source "ChessBase"]
[SourceDate "2023.10.10"]
[SourceVersion "1"]
[SourceVersionDate "2023.10.10"]
[SourceQuality "1"]

1. e4 e6 2. d4 d5 3. e5 c5 4. c3 Nc6 5. Nf3 Nh6 6. Na3 cxd4 7. cxd4 Bxa3 8. bxa3 Nf5 9. Bb2 Bd7 10. Bd3 Nh4 11. 0-0 Nxf3+ 12. Qxf3 Qb6 13. Rab1 Nxd4 14. Qg4 Nf5 15. Bxf5 exf5 16. Qxg7 0-0-0 17. Rfc1+ Kb8 18. e6 Qxe6 19. Qg3+ Ka8 20. Bxh8 Rxh8 21. Qc7 Bc6 22. Re1 Qg6 23. Re7 d4 24. g3 Qg4 25. Qf4 Qh3 26. f3 Qh5 27. Qxd4 Rg8 28. Qe3 f4 29. Qxf4 Bxf3 30. Rbe1 Bc6 31. Qe5 Qxe5 32. R1xe5 Rf8 33. Rh5 a6 34. Kf2 Rd8 35. Rxh7 Rd2+ 36. Re2 Rd7 37. Rh8+ Ka7 38. Rhe8 Rd3 39. R8e3 Rd1 40. Re7 Bb5 41. Rb2 Rh1 42. Kf3 Kb8 43. Kg4 Rf1 44. h4 Bc6 45. Rb3 Bd5 46. Rd3 Bxa2 47. Rf3 Rh1 48. Rfxf7 Bxf7 49. Rxf7 Kc8 50. h5 Ra1 51. Rf3 Kd7 52. h6 Ke6 53. Kg5 b5 54. h7 Rh1 55. Kg6 1-0

[Event "GRE-ch U20"]
[Site "Kavala"]
[Date "2016.01.02"]
[Round "1"]
[White "Papakonstantinou, Dimitrios"]
[Black "Vourlis Koletis, Miltiadis"]
[Result "1-0"]
[WhiteElo "2118"]
[BlackElo "1716"]
[PlyCount "47"]
[EventDate "2016.01.02"]
[EventType "swiss"]
[EventRounds "9"]
[EventCountry "GRE"]
[SourceTitle "EXT 2024"]
[Source "ChessBase"]
[SourceDate "2023.10.10"]
[SourceVersion "1"]
[SourceVersionDate "2023.10.10"]
[SourceQuality "1"]

1. e4 e6 2. d3 d5 3. Nd2 c5 4. Ngf3 Nc6 5. g3 Nf6 6. Bg2 Be7 7. 0-0 0-0 8. Re1 Qc7 9. e5 Nd7 10. Qe2 b6 11. Nf1 Bb7 12. Bf4 Rac8 13. c3 d4 14. c4 Rfe8 15. h4 Bf8 16. N1h2 Ne7 17. Ng5 Bxg2 18. Qh5 h6 19. Qxf7+ Kh8 20. Kxg2 hxg5 21. hxg5 Nf5 22. Nf3 Re7 23. Rh1+ Nh6 24. Qg6 1-0

[Event "GRE-chT 43rd"]
[Site "Porto Rio"]
[Date "2015.10.08"]
[Round "2.15"]
[White "Halioris, Stefanos Anthimos"]
[Black "Vourlis Koletis, Miltiadis"]
[Result "0-1"]
[WhiteElo "1659"]
[BlackElo "1633"]
[PlyCount "70"]
[EventDate "2015.10.08"]
[EventType "team-swiss"]
[EventRounds "7"]
[EventCountry "GRE"]
[SourceTitle "CBM 168 Extra"]
[Source "ChessBase"]
[SourceDate "2015.10.29"]
[SourceVersion "1"]
[SourceVersionDate "2015.10.29"]
[SourceQuality "1"]
[WhiteTeam "Ikarias Tzelepis"]
[BlackTeam "Thinalios"]
[WhiteTeamCountry "GRE"]
[BlackTeamCountry "GRE"]

1. d4 Nf6 2. c4 e5 3. e3 exd4 4. exd4 Bb4+ 5. Nc3 0-0 6. Nf3 Re8+ 7. Be2 Qe7 8. Be3 d5 9. 0-0 Bxc3 10. bxc3 Ng4 11. Re1 Nxe3 12. fxe3 Qxe3+ 13. Kh1 Qxc3 14. Rc1 Qa5 15. cxd5 Qxd5 16. Bc4 Qd8 17. Qb3 Rf8 18. Bxf7+ Kh8 19. Ne5 Nc6 20. Rxc6 bxc6 21. g4 Qh4 22. Rg1 g6 23. Bxg6 Bxg4 24. Rxg4 Rf1+ 25. Rg1 Rxg1+ 26. Kxg1 Qxd4+ 27. Kg2 hxg6 28. Qh3+ Kg7 29. Nf3 Qd5 30. Qg3 Rf8 31. Qxc7+ Rf7 32. Qg3 c5 33. h4 c4 34. Qg4 c3 35. h5 Qxf3+ 0-1

[Event "GRE-ch U14"]
[Site "Patras"]
[Date "2013.07.12"]
[Round "7.8"]
[White "Vourlis Koletis, Miltiadis"]
[Black "Kakoulidis, Vasilios"]
[Result "1-0"]
[WhiteElo "1373"]
[BlackElo "1425"]
[PlyCount "69"]
[EventDate "2013.07.08"]
[EventType "swiss"]
[EventRounds "9"]
[EventCountry "GRE"]
[SourceTitle "EXT 2024"]
[Source "ChessBase"]
[SourceDate "2023.10.10"]
[SourceVersion "1"]
[SourceVersionDate "2023.10.10"]
[SourceQuality "1"]

1. d4 Nf6 2. c4 e6 3. Nc3 Bb4 4. Nf3 0-0 5. Bd2 d5 6. e3 Re8 7. a3 Bxc3 8. Bxc3 Ne4 9. Qc2 Nd7 10. Bd3 Ndf6 11. Nd2 Nxd2 12. Kxd2 b6 13. c5 bxc5 14. dxc5 e5 15. b4 d4 16. exd4 exd4 17. Bb2 Qd5 18. f3 Be6 19. Rae1 Rad8 20. Re2 g6 21. Rhe1 Qg5+ 22. Kd1 Qh4 23. g3 Qh5 24. g4 Nxg4 25. Rxe6 Ne3+ 26. R1xe3 dxe3 27. Rxe8+ Rxe8 28. Qe2 Qd5 29. Kc2 Qg5 30. Bc3 c6 31. Be4 Re6 32. Qa6 Qg2+ 33. Kb3 Re8 34. Qxc6 Rf8 35. Qf6 1-0

[Event "GRE-ch U14"]
[Site "Patras"]
[Date "2013.07.09"]
[Round "3.6"]
[White "Vourlis Koletis, Miltiadis"]
[Black "Kalikakis, Nikolaos"]
[Result "0-1"]
[WhiteElo "1373"]
[BlackElo "1348"]
[PlyCount "72"]
[EventDate "2013.07.08"]
[EventType "swiss"]
[EventRounds "9"]
[EventCountry "GRE"]
[SourceTitle "EXT 2024"]
[Source "ChessBase"]
[SourceDate "2023.10.10"]
[SourceVersion "1"]
[SourceVersionDate "2023.10.10"]
[SourceQuality "1"]

1. Nf3 Nf6 2. c4 g6 3. Nc3 Bg7 4. d4 d6 5. e4 0-0 6. Bd3 e5 7. d5 Ne8 8. Be3 f5 9. h4 f4 10. Bd2 Bf6 11. h5 g5 12. Nh2 h6 13. Be2 Kh7 14. g3 Bg7 15. Qc2 Kg8 16. gxf4 exf4 17. Nd1 Nd7 18. Bg4 Ne5 19. Rg1 Nf6 20. Be2 Qe8 21. Rh1 Nxh5 22. Nf3 Nxf3+ 23. Bxf3 g4 24. Be2 f3 25. Bd3 Qf7 26. e5 Nf4 27. Bh7+ Kh8 28. e6 Qf6 29. Bc3 Qg5 30. Kf1 g3 31. Bxg7+ Qxg7 32. Rh4 g2+ 33. Ke1 g1Q+ 34. Kd2 Qd4+ 35. Kc1 Ne2+ 36. Kb1 Qgxd1+ 0-1